000
00311nam a22001457a 4500
008
210303b ||||| |||| 00| 0 eng d
020
_a
2901133693221
041
_a
eng
080
_a
004
082
_a
004
100
_a
28
101
_a
SHKI
245
_a
Adope Photoshop CS6
_c
Reding, E.E
942
_2
udc
_c
BK
999
_c
55697
_d
55697